Star Wars: The Clone Wars - Statistics

General Stats
  • This quiz has been taken 10,998 times
  • The average score is 19 of 24
Answer Stats
Hint Answer % Correct
Grand Master of the Jedi Council Master Yoda
98%
Anakin's Senator Love Interest Padme Amidala
98%
Jango Fett's Clone Son Boba Fett
97%
Qui-Gon Jinn's Former Apprentice Obi-Wan Kenobi
97%
Captain of the 501st Legion Captain Rex
96%
Purple Lightsaber Wielding Jedi Mace Windu
96%
C-3PO's Astromech Counterpart R2-D2
96%
Anakin's Apprentice Ahsoka Tano
95%
Chancellor Palpatine's Sith Name Darth Sidious
95%
Leader of the Separatist Alliance & Sith Apprentice Count Dooku
94%
Nightsister and Former Sith Apprentice Asajj Ventress
86%
Commander of the Droid Army General Grievous
86%
Brother to Darth Maul Savage Opress
82%
Senator of Alderaan Bail Organa
76%
Amphibious Jedi Master Kit Fisto
68%
Trade Federation Viceroy Nute Gunray
66%
Jedi Temple Bomber and Former Padawan Barriss Offee
61%
Pirate and Smuggler on Florrum Hondo Ohnaka
61%
Jedi Traitor on Umbara Pong Krell
60%
Bo-Katan's Pacifist Sister Satine Kryze
60%
Jabba the Hutt's Uncle Ziro the Hutt
58%
Death Watch Leader Pre Vizsla
53%
Geonosian Leader Poggle the Lesser
45%
Former Separatist and Onderon Freedom Fighter Lux Bonteri
27%
No matching quizzes found
Score Distribution
Percent of People with Each Score
Percentile by Number Answered
Your Score History
You have not taken this quiz